Romans de A à Z - Statistiques

Statistiques générales
  • Ce quiz a été pris 239 fois
  • Le résultat moyen est 16 sur 24
Statistiques - réponses
Lettre Indices Réponses % Correct
H Saga où le Quidditch et les Chocogrenouilles sont fortement appréciés. Harry Potter
96%
A On y retrouve le Lièvre de mars, Le Chapelier fou ou encore la Reine de cœur. Alice au pays des merveilles
95%
C Willy Wonka n'autorise que les Oompas Loompas à travailler pour lui. Charlie et la Chocolaterie
93%
F C'est bien le savant qui porte ce nom, et non le monstre qu'il a créé à partir de chairs mortes ! Frankenstein ou le Prométhée moderne
91%
N Celui où l'on trouve Quasimodo et Esmeralda. Notre-Dame de Paris
91%
G C'est le roman où Zola s'intéresse tout particulièrement au monde des mineurs. Germinal
89%
L "- S'il vous plaît... dessine-moi un mouton !" Le Petit Prince
87%
R Il vit plusieurs années sur une île déserte accompagné de Vendredi. Robinson Crusoé
84%
D Sancho Panza l'accompagne dans ses délires chevaleresques. Don Quichotte
76%
S Roman d'horreur de Stephen King se déroulant dans un hôtel et adapté par Stanley Kubrick. Shining, l'enfant lumière
75%
T Saga mettant en scène des vampires, des lycanthropes et des humains. Twilight
75%
U Cette œuvre de Thomas More donnera son nom à toute représentation d'une société idéale. Utopie
75%
V Le capitaine Nemo y parcourt le fond des mers dans son sous-marin Nautilus. Vingt Mille Lieues sous les mers
75%
B Plus célèbre des romans de Maupassant. Bel-Ami
70%
M Il commence par "Appelez-moi Ismaël." et se poursuit par la quête insensée du capitaine Achab à la poursuite d'un cachalot. Moby Dick
70%
P Rabelais y narre l'histoire d'un géant, mais ça n'est pas Gargantua. Pantagruel
63%
O Jane Austen y questionne la condition de la femme. Orgueil et Préjugés
56%
I Plus célèbre retitrage en France, c'est l'un des romans policiers d'Agatha Christie les plus connus. Ils étaient dix
53%
J Grand classique de la littérature anglaise, dont l'autrice est une Brontë. Jane Eyre
53%
W Roman d'horreur post-apocalyptique avec des zombies adapté au cinéma avec Brad Pitt en rôle-titre. World War Z
40%
E Roman de fantasy s'intéressant tout particulièrement aux dragons, dont notamment une Saphira. Eragon
36%
Z C'est le premier grand succès littéraire de Raymond Queneau. Zazie dans le métro
35%
K Hommage de Murakami au romancier austro-hongrois auteur de La Métamorphose et Le Procès. Kafka sur le rivage
16%
Q Roman historique polonais se déroulant durant le règne de l'empereur romain Néron. Quo Vadis ?
12%
Aucun quiz correspondant
Distribution des résultats
% des personnes avec chaque résultat
Percentile par nombre de réponses
Votre historique - résultats
Vous n’avez pas pris ce quiz